000 00494nam a22001937a 4500
005 20231212102736.0
008 231212b |||||||| |||| 00| 0 eng d
020 _a9788126515707
082 _a547.1223
_bELI
100 _aEliel,Ernest L.
245 _aStereochemistry of organic compounds
260 _aIndia
_bNice printing press
_c2014
300 _a1267
500 _aInclude Index
650 _aNatural science
700 _aWilen,samuel
700 _aMander,Lewis n.
999 _c34897
_d34897